[Event "USA U16 K8 op"]
[Site "Grapevine"]
[Date "2019.04.28"]
[Round "6"]
[White "Gundam, Rohit"]
[Black "Pullabhotla, Venkata Naga Rohith"]
[Result "1/2-1/2"]
[WhiteElo "1908"]
[BlackElo "1754"]
[PlyCount "106"]
[EventDate "2019.04.26"]
[EventType "swiss"]
[EventRounds "7"]
[EventCountry "USA"]
[SourceTitle "CBM 190 Extra"]
[Source "ChessBase"]
[SourceDate "2019.07.15"]
[SourceVersion "1"]
[SourceVersionDate "2019.07.15"]
[SourceQuality "1"]

1. d4 Nf6 2. c4 e6 3. Nc3 Bb4 4. e3 0-0 5. a3 Bxc3+ 6. bxc3 d6 7. Bd3 e5 8. e4 Re8 9. f3 Nh5 10. Ne2 Qh4+ 11. g3 Qh3 12. Kf2 Nf6 13. Qf1 Qxf1+ 14. Kxf1 c5 15. d5 Bd7 16. Be3 Ba4 17. Ke1 Nbd7 18. Kd2 Rab8 19. Rab1 a6 20. Rb2 b6 21. Rhb1 Rb7 22. Bc2 Bxc2 23. Kxc2 Ra8 24. a4 a5 25. Kd3 Ne8 26. g4 g6 27. Bh6 f6 28. Ng3 Rbb8 29. h4 Kf7 30. Rh1 Nc7 31. g5 Ne8 32. h5 fxg5 33. Bxg5 Nef6 34. Ke3 Rg8 35. hxg6+ hxg6 36. Rbh2 Rg7 37. Rh4 Re8 38. Rh6 Reg8 39. Bxf6 Nxf6 40. Rb1 Rb8 41. Rh4 Rh7 42. Rxh7+ Nxh7 43. f4 Kf6 44. f5 Ng5 45. Rh1 Rg8 46. Rh6 Nf7 47. Rxg6+ Rxg6 48. fxg6 Kxg6 49. Nf5 Kf6 50. Kf3 Ng5+ 51. Ke3 Nf7 52. Ng3 Nh6 53. Nf5 Nf7 1/2-1/2